Biblioteka Instytutu Północnego w Olsztynie

Widok standardowy Widok MARC

Pozycja Personal Name

Liczba rekordów, w których użyto hasła: 1

001 - Numer kontrolny

  • control field: 39927

003 - Identyfikator numeru kontrolnego

  • control field: NUKAT

005 - Data i czas ostatniej modyfikacji

  • control field: 20260412225732.0

008 - Dane kontrolne kodowane (40 znaków)

  • fixed length control field: 050120 n adznnbabn a aaa

010 ## - Numer kontrolny Biblioteki Kongresu

  • numer kontrolny LC: p 2004411096

035 ## - Numer systemowy

  • numer systemowy: a11815826

040 ## - Instytucja sporządzająca rekord

  • inst. przygot. dane do rek. khw: WA N
  • język haseł przedmiotowych/tezaurus: DBN
  • inst. wprow. rek. khw: WA N

100 1# - Hasło - nazwa osobowa

  • nazwa osobowa w formie ujednoliconej: Pogorzelski, Michał
  • daty biograficzne: (1737-1798)

400 1# - Trop zob. - nazwa osobowa

  • nazwa osobowa (nazwisko, imiona): Pogorzelski, Michel

670 ## - Źródło informacji

  • źródło informacji: Ein masurischen Original / Albertine Gust Krüger. - Ortelsburg, [ ca 1930]

670 ## - Źródło informacji

  • źródło informacji: www.martyria.diecezja.elk.pl/mar_4.htm
Biblioteka Instytutu Północnego, ul. Partyzantów 87, 10-402 Olsztyn, email: biblioteka(at)ip.olsztyn.pl